00383 2200157 4500001002100000005001500021035002000036245005800056100002300114250000600137300001200143260003600155082000800191084001400199990001200213INLIS00000000000231420250528085845 a0010-05250006061 a34 Kunci Sukses Melakukan Toefi /cIrham Ali Saifudin0 aIrham Ali Saifudin a1 a168 hlm aYogyakarta :bDiva Press,c2007 a080 a080 IRH t a0712605